| 000 | 00800nam a2200253 i 4500 | ||
|---|---|---|---|
| 003 | DO-SdBNP | ||
| 005 | 20250307120554.0 | ||
| 007 | ta | ||
| 008 | 250307t20052010dr a 000 h spa d | ||
| 040 |
_aDO-SdBNP _bspa _cBNPHU _erda |
||
| 082 |
_axxxx _bP948 _222 |
||
| 100 | 1 |
_aPriego, Harold _d1955-2013 _eautor _4aut. _978061 |
|
| 245 | 1 | 3 |
_aDiogenes y Boquechivo / _cHarold Priego |
| 250 | _aPrimera edición | ||
| 264 |
_aSanto Domingo : _bDiario Libre, _bOmnimedia, _c2005-2010. |
||
| 300 |
_avolumenes _bilustraciones _c28 y 14 cm. |
||
| 336 |
_atexto _btxt _2rdacontent |
||
| 337 |
_asin mediación _bn _2rdamedia |
||
| 338 |
_avolumen _bnc _2rdacarrier |
||
| 500 | _aLa biblioteca posee los volúmenes: 3, 4, 6 y 8. | ||
| 590 | _aInventariado, 2025/ YL | ||
| 910 | _aYLockward | ||
| 942 |
_2ddc _cLBS1 |
||
| 999 |
_c58354 _d58354 |
||